The two voyages of the PANDORA in 1875 and 1876

Đã lưu trong:
Chi tiết về thư mục
Tác giả chính: Young, Allen (Tác giả)
Định dạng: Sách
Ngôn ngữ:Tiếng Anh
Được phát hành: Londres Edward Stanford 1879
Phiên bản:1a. ed
Những chủ đề:
Các nhãn: Thêm thẻ
Không có thẻ, Là người đầu tiên thẻ bản ghi này!

MARC

LEADER 00000nam a2200000 a 4500
001 UCJ5414
003 CL-VaPUC
008 070124e18790000UK |||||||||||||||||eng|d
082 0 4 |a 910.4  |b YOU  |2 21 
100 0 |a Young, Allen  |e author  |9 510566 
245 1 4 |a The two voyages of the PANDORA in 1875 and 1876 
250 |a 1a. ed 
300 |a 197 p 
942 |c BK 
945 |d 20070124 00:00:00  |a rinostro 
260 |a Londres  |b Edward Stanford  |c 1879 
500 |a Dos mapas de las regiones árticas en bolsillos sitos en ambas cubiertas; ilustraciones conforme a lo señalado en índice 
650 0 |a Viajes  |9 257115 
650 0 |a Expediciones científicas  |9 265222 
650 7 |a DIARIO  |2 CL-VaPUC  |9 441581 
650 7 |a ESQUIMALES  |2 CL-VaPUC  |9 441373 
650 0 |a Mapas  |9 260844 
650 0 |a Ilustraciones  |9 369481 
651 7 |a REGION ARTICA  |2 CL-VaPUC  |9 366377 
651 7 |a POLO NORTE  |2 CL-VaPUC  |9 310897 
583 |a last modification  |c 20190801 10:12:46  |k Rodrigo Vera 
999 |c 321523  |d 321521 
952 |0 0  |1 0  |4 0  |6 910_400000000000000_YOU_1879  |7 0  |8 X  |9 400292  |a FDOBUD  |b FDOBUD  |d 2019-11-22  |i 1034391  |o 910.4 YOU 1879  |p 1034391  |r 2019-11-22  |w 2019-11-22  |y BK_X  |k BUD